01544nam a2200277 a 450000100100000000500170001000800410002702000180006804000250008608200200011110000430013124501370017426000470031130000280035850000480038650400280043459000260046270000380048895201240052695201180065095201240076895201190089295201190101195201190113099900170124900004695720201002053236.0180409s2015 dr a 000 0 spa d a9789945123470 aDO-SdBNPbspacBNPHU axxxxbM538m, 3a1 aMéndez Matos, Sonnia Méndez97486210aMatemática 2 :bnivel primaria /cSonnia Méndez Matos, Marta Escaño González ; dirección Milagros del Pilar Rubio Muñoz. aSanto Domingo :bSusaeta Ediciones,c2015. a200 p. :bil. ;c28 cm. aEnfoque por competencias. Nuevo currículo aBibliografía : p. 200 aInventariado, 2018/LP1 aEscaño González, Marta974861 0010718DSaGRbGRcHDd2018-04-09iLF1l0oxxxx M538m, 3ap46957-30r2020-06-25te. 3w2020-06-25yLFDSZNo se presta 0010718PDaPDbPDcHDd2018-04-09iLF1l0oxxxx M538m, 3ap46957-10r2020-06-25w2020-06-25yLFPDZNo se presta 0010718PDaPDbPDcHDd2018-04-09iLF1l0oxxxx M538m, 3ap46957-20r2020-06-25te. 2w2020-06-25yLFPDZNo se presta 00107-18PDaGRbGRcOId2018-04-09iLF1l0oxxxx M538m, 3ap46958-30r2020-06-25w2020-06-25yLFPDZNo se presta 00107-18PDaPDbPDcOId2018-04-09iLF1l0oxxxx M538m, 3ap46958-10r2020-06-25w2020-06-25yLFPDZNo se presta 00107-18PDaPDbPDcOId2018-04-09iLF1l0oxxxx M538m, 3ap46958-20r2020-06-25w2020-06-25yLFPDZNo se presta c46445d46445